[Event "MNE-ch 76th"]
[Site "Podgorica"]
[Date "2024.02.13"]
[Round "9"]
[White "Khramko, Lev"]
[Black "Lakusic, Zoran"]
[Result "0-1"]
[WhiteElo "1458"]
[BlackElo "1652"]
[PlyCount "110"]
[EventDate "2024.02.06"]
[EventType "swiss"]
[EventRounds "11"]
[EventCountry "MNE"]
[SourceTitle "CB08_2024"]
[SourceDate "2024.02.21"]
[SourceVersion "1"]
[SourceVersionDate "2024.02.21"]
[SourceQuality "1"]

1. e4 c5 2. Nf3 Nc6 3. d4 cxd4 4. Nxd4 e5 5. Nb5 d6 6. N1c3 a6 7. Na3 Nf6 8. Bg5 Be6 9. Bc4 b5 10. Bxe6 fxe6 11. Bxf6 Qxf6 12. Ne2 Be7 13. c4 0-0 14. 0-0 Rab8 15. f4 exf4 16. Nxf4 Qxb2 17. cxb5 axb5 18. Qc2 Qxc2 19. Nxc2 e5 20. Nd5 Rxf1+ 21. Rxf1 Bd8 22. Rd1 Kf7 23. Kf2 Ke6 24. Rc1 Ra8 25. Ncb4 Nxb4 26. Nxb4 Ra4 27. Rb1 Ba5 28. a3 Rxa3 29. Nd5 b4 30. Nxb4 Bb6+ 31. Kf1 Bd4 32. Nc2 Ra2 33. Nxd4+ exd4 34. Rb5 d3 35. Rd5 Ra4 36. Rxd3 Rxe4 37. Rb3 h6 38. Ra3 g5 39. Rh3 Rh4 40. Re3+ Kd5 41. Rd3+ Ke5 42. h3 Re4 43. Kf2 d5 44. Ra3 d4 45. Ra5+ Kf6 46. Rd5 Ke6 47. Rd8 Ke5 48. Kf3 Re3+ 49. Kf2 Ke4 50. Ra8 Rc3 51. Ra2 Kd3 52. Kf3 Kc4+ 53. Ke4 Re3+ 54. Kf5 d3 55. Ra4+ Kc3 0-1

[Event "MNE-ch 76th"]
[Site "Podgorica"]
[Date "2024.02.11"]
[Round "6"]
[White "Maras, Marija Mia"]
[Black "Khramko, Lev"]
[Result "0-1"]
[WhiteElo "1127"]
[BlackElo "1458"]
[PlyCount "50"]
[EventDate "2024.02.06"]
[EventType "swiss"]
[EventRounds "11"]
[EventCountry "MNE"]
[SourceTitle "CB08_2024"]
[SourceDate "2024.02.21"]
[SourceVersion "1"]
[SourceVersionDate "2024.02.21"]
[SourceQuality "1"]

1. c4 Nf6 2. Nc3 e5 3. g3 Bb4 4. Bg2 0-0 5. Qb3 Bxc3 6. bxc3 c6 7. d4 Re8 8. Nf3 e4 9. Nd2 d5 10. c5 Ng4 11. h3 e3 12. hxg4 exd2+ 13. Bxd2 Bxg4 14. e3 b6 15. Rh4 Bf5 16. Ke2 bxc5 17. dxc5 Nd7 18. Qb4 Rb8 19. Qd4 Ne5 20. Qa4 Bd3+ 21. Ke1 Bc4 22. Kd1 Nd3 23. Qxc6 Nxf2+ 24. Ke1 Nd3+ 25. Kd1 Re6 0-1

[Event "MNE-ch 76th"]
[Site "Podgorica"]
[Date "2024.02.09"]
[Round "4"]
[White "Doderovic, Aleksa"]
[Black "Khramko, Lev"]
[Result "1-0"]
[WhiteElo "1639"]
[BlackElo "1458"]
[PlyCount "77"]
[EventDate "2024.02.06"]
[EventType "swiss"]
[EventRounds "11"]
[EventCountry "MNE"]
[SourceTitle "CB08_2024"]
[SourceDate "2024.02.21"]
[SourceVersion "1"]
[SourceVersionDate "2024.02.21"]
[SourceQuality "1"]

1. d4 Nf6 2. c4 g6 3. Nc3 d5 4. cxd5 Nxd5 5. e4 Nxc3 6. bxc3 Bg7 7. Bc4 0-0 8. Ne2 c5 9. 0-0 Nc6 10. Be3 cxd4 11. cxd4 a6 12. Rc1 Na5 13. Bd3 e5 14. d5 f5 15. f3 f4 16. Bd2 b5 17. Bb4 Rf7 18. a4 Nb7 19. axb5 axb5 20. Nc3 Qb6+ 21. Kh1 Qd4 22. Rb1 Nd6 23. Nxb5 Nxb5 24. Bxb5 Rb8 25. Qxd4 exd4 26. Bc6 Ba6 27. Rfe1 Bd3 28. Rb2 Bf8 29. Bxf8 Rxb2 30. Bc5 Bxe4 31. fxe4 d3 32. d6 Rc2 33. d7 Rxd7 34. Bxd7 d2 35. Be6+ Kg7 36. Bd4+ Kh6 37. Rd1 Kg5 38. Bb3 Rc1 39. Bb2 1-0